Learned societies and institutions in India: activities and publications including over 4,000 research oriented titiles (Record no. 16411)
[ view plain ]
| 000 -LEADER | |
|---|---|
| fixed length control field | 00519nam a2200145Ia 4500 |
| 082 ## - DEWEY DECIMAL CLASSIFICATION NUMBER | |
| Classification number | RR 068.54 LEA- |
| 245 #0 - TITLE STATEMENT | |
| Title | Learned societies and institutions in India: activities and publications including over 4,000 research oriented titiles |
| 260 ## - PUBLICATION, DISTRIBUTION, ETC. (IMPRINT) | |
| Place of publication | New Delhi |
| Name of publisher | Metropolitan |
| Year of publication | 1969 |
| 300 ## - PHYSICAL DESCRIPTION | |
| Number of Pages | xvi, 459p. |
| 504 ## - BIBLIOGRAPHY, ETC. NOTE | |
| Bibliography, etc | Includes indexes /Ref. book |
| 650 ## - SUBJECT ADDED ENTRY--TOPICAL TERM | |
| Topical Term | Learned institutions and societies - Bibliography |
| 650 ## - SUBJECT ADDED ENTRY--TOPICAL TERM | |
| Topical Term | Learned institutions and societies - India |
| 700 ## - ADDED ENTRY--PERSONAL NAME | |
| Personal name | Mohinder Singh |
| 942 ## - ADDED ENTRY ELEMENTS (KOHA) | |
| Koha item type | Books |
| Source of classification or shelving scheme | Dewey Decimal Classification |
| Withdrawn status | Lost status | Damaged status | Not for loan | Home library | Current library | Date acquired | Full call number | Accession Number | Price effective from | Koha item type |
|---|---|---|---|---|---|---|---|---|---|---|
| NASSDOC Library | NASSDOC Library | 08/06/2004 | RR 068.54 LEA- | 7150 | 18/04/2019 | Books | ||||
| NASSDOC Library | NASSDOC Library | 08/10/2004 | RR 068.54 LEA- | 11930 | 18/04/2019 | Books |
